Filme mit Leonardo DiCaprio - Sudden Death - Statistiken

Allgemein
  • Dieses Quiz wurde 480 mal gespielt
  • Das Durchschnittsergebnis liegt bei 9 aus 18
Answers on the Grid
Answers color-coded by a green-red scale on the quiz's grid according to % correct below.
12 Years a Slave
Aviator
The Beach
Blood Diamond
Brothers
Cast Away – Verschollen
Catch Me If You Can
Contagion
Departed – Unter Feinden
Django Unchained
Don't Look Up
Der Fall Richard Jewell
Focus
Gangs of New York
Der große Gatsby
Inception
Die Insel
The Irishman
J. Edgar
Killers of the Flower Moon
Kind 44
Letters from Iwo Jima
Lincoln
Der Mann, der niemals lebte
Minority Report
Mulholland Drive – Straße der Finsternis
Nightmare Alley
Oldboy
Once Upon a Time in Hollywood
Passengers
The Revenant – Der Rückkehrer
Shutter Island
Todeszug nach Yuma
Vanilla Sky
The Wolf of Wall Street
Zeiten des Aufruhrs
 
Antwortstatistiken
Antwort % Korrekt
Als Jordan Belfort The Wolf of Wall Street
80%
Als Frank Abagnale Catch Me If You Can
73%
Als Jay Gatsby Der große Gatsby
71%
Als Teddy Daniels Shutter Island
68%
Als Dom Cobb Inception
66%
Als Calvin Candie Django Unchained
65%
Als Hugh Glass The Revenant – Der Rückkehrer
65%
Als Rick Dalton Once Upon a Time in Hollywood
58%
Als Billy Costigan Departed – Unter Feinden
45%
Als Richard Fischer The Beach
45%
Als Danny Archer Blood Diamond
44%
Als Amsterdam Vallon Gangs of New York
43%
Als Dr. Randall Mindy Don't Look Up
40%
Als Howard Hughes Aviator
38%
Als Ernest Burkhart Killers of the Flower Moon
26%
Als Roger Ferris Der Mann, der niemals lebte
16%
Als J. Edgar Hoover J. Edgar
16%
Als Frank Wheeler Zeiten des Aufruhrs
8%
Keine übereinstimmenden Quizze gefunden
Verteilung der Resultate
Anzahl Personen mit jedem Resultat
Perzentil nach korrekt beantworteten Fragen
Ihre Resultats-Entwicklung
Sie haben dieses Quiz noch nicht gespielt